| 000 | 00723nam a2200181Ia 4500 | ||
|---|---|---|---|
| 008 | 090630s9999 xx 000 0 und d | ||
| 082 | _b28517 | ||
| 100 | _aऔरंगाबादकर अनुराधा. | ||
| 245 |
_aओंजळीतील शिंपले. _cऔरंगाबादकर अनुराधा. |
||
| 260 |
_bश्रीकल्प - मुंबई. _c2007 |
||
| 300 | _a204 | ||
| 600 | _aऔरंगाबादकर अनुराधा. | ||
| 630 | _aओंजळीतील शिंपले. | ||
| 655 | _aलघुकथा. | ||
| 700 | _aऔरंगाबादकर अनुराधा. | ||
| 730 | _aओंजळीतील शिंपले. | ||
| 942 | _cBOOK | ||
| 999 |
_c280373 _d280373 |
||